[Event "ICS rated standard match"]
[Site "204.178.125.65"]
[Date "2000.06.11"]
[Round "?"]
[White "Amateur"]
[Black "Hossa"]
[Result "1-0"]
[WhiteElo "2364"]
[BlackElo "2361"]
[PlyCount "127"]
[EventDate "2000.??.??"]

1. e4 e5 2. Nf3 Nc6 3. Bb5 a6 4. Bxc6 dxc6 5. O-O f6 6. d4 Bg4 7. dxe5 Qxd1 8.
Rxd1 fxe5 9. Rd3 Bd6 10. Nc3 Nf6 11. h3 Bxf3 12. Rxf3 Bb4 13. Rf5 Bxc3 14. bxc3
Nd7 15. f4 g6 16. Rg5 O-O-O 17. Kf2 Rhf8 18. f5 Nb6 19. Ke1 gxf5 20. exf5 Rf7
21. Ke2 Nd5 22. Bd2 Nf6 23. Be1 Rfd7 24. Rb1 b6 25. a3 Kb7 26. Ke3 Kb8 27. h4
Kb7 28. h5 Rf8 29. g4 Re8 30. a4 Red8 31. Kf3 e4+ 32. Ke3 Rd1 33. Rxd1 Rxd1 34.
Bg3 Nd5+ 35. Kxe4 Nxc3+ 36. Kf3 Rf1+ 37. Kg2 Rc1 38. Rg7 Nd5 39. Rxh7 Rxc2+ 40.
Kh3 Rc3 41. g5 b5 42. f6 bxa4 43. f7 Nf4+ 44. Kg4 Ne6 45. Bxc7 Nf8 46. Rh8 Nd7
47. Bf4 Rd3 48. Re8 a3 49. Re7 Kb6 50. Rxd7 Rxd7 51. f8=Q a5 52. Qxa3 Rh7 53.
Qb3+ Ka7 54. Be3+ c5 55. Bxc5+ Ka8 56. Qg8+ Kb7 57. Qxh7+ Kc6 58. Qc2 a4 59. g6
Kc7 60. g7 Kc6 61. g8=Q a3 62. Bxa3+ Kb5 63. Qc5+ Ka6 64. Qgc8# {
Hossa checkmated} 1-0

[Event "ICS rated standard match"]
[Site "204.178.125.65"]
[Date "2000.06.11"]
[Round "?"]
[White "Hossa"]
[Black "ua-knight"]
[Result "1-0"]
[WhiteElo "2345"]
[BlackElo "2200"]
[PlyCount "69"]
[EventDate "2000.??.??"]

1. e4 c5 2. Nf3 d6 3. d4 cxd4 4. Nxd4 Nf6 5. Nc3 g6 6. Be2 Bg7 7. Be3 O-O 8.
O-O Nc6 9. Qd2 Bd7 10. Nxc6 Bxc6 11. Bf3 Qc7 12. Bh6 Rac8 13. Rfe1 Qb6 14. Rab1
Bxh6 15. Qxh6 a6 16. Re2 Qc5 17. a3 b5 18. Rd1 Rfe8 19. Nd5 Bxd5 20. exd5 b4
21. axb4 Qxb4 22. c3 Qb3 23. Red2 a5 24. h4 a4 25. Ra1 Rc4 26. h5 Qb6 27. hxg6
fxg6 28. Be2 Re4 29. Bd3 Rg4 30. c4 Rf8 31. Rxa4 Nxd5 32. c5 Qxc5 33. Rxg4 Qc1+
34. Bf1 Nf4 35. Rxf4 {ua-knight resigns} 1-0

[Event "ICS rated standard match"]
[Site "204.178.125.65"]
[Date "2000.06.11"]
[Round "?"]
[White "Amateur"]
[Black "Hossa"]
[Result "0-1"]
[WhiteElo "2380"]
[BlackElo "2345"]
[PlyCount "118"]
[EventDate "2000.??.??"]

1. Nf3 Nf6 2. c4 e6 3. d4 d5 4. Nc3 Bb4 5. e3 O-O 6. Bd2 b6 7. Bd3 dxc4 8. Bxc4
Bb7 9. O-O Nbd7 10. Rc1 c5 11. a3 cxd4 12. exd4 Be7 13. Qe2 Rc8 14. Ba6 Bxa6
15. Qxa6 Ra8 16. Nb5 Nd5 17. Rc4 N7f6 18. Re1 Ne8 19. Ne5 Nd6 20. Nc6 Qd7 21.
Nxe7+ Qxe7 22. Nxd6 Qxd6 23. b3 Qe7 24. Rec1 Rab8 25. b4 b5 26. Rc6 Rfd8 27.
Qa5 Qd7 28. h3 Rb6 29. R6c5 f6 30. R1c2 Rdb8 31. h4 Rd8 32. Rc1 Ra8 33. R1c2 f5
34. h5 f4 35. h6 gxh6 36. Bc1 f3 37. gxf3 e5 38. Kh2 exd4 39. Bd2 Qf5 40. Rc6
Ne7 41. Rxb6 Qxc2 42. Rxb5 Qxd2 43. Kg2 Ng6 44. Rd5 Nf4+ 45. Kg3 Ne2+ 46. Kh3
Qf4 47. Rf5 Qd6 48. Kg4 Kh8 49. Qe5+ Qxe5 50. Rxe5 Nc3 51. Re7 Rd8 52. Rxa7 Nd5
53. Ra6 h5+ 54. Kxh5 d3 55. Ra7 Rg8 56. Ra5 Nf4+ 57. Kh4 d2 58. Rg5 Ng2+ 59.
Kg4 Rxg5+ {Amateur resigns} 0-1

[Event "ICS rated blitz match"]
[Site "204.178.125.65"]
[Date "2000.06.11"]
[Round "?"]
[White "Hossa"]
[Black "Kiriks"]
[Result "1-0"]
[WhiteElo "2409"]
[BlackElo "2257"]
[PlyCount "127"]
[EventDate "2000.??.??"]

1. e4 e6 2. Nf3 d5 3. e5 c5 4. d4 Nc6 5. dxc5 Bxc5 6. Nc3 Qb6 7. Qd2 Qa5 8. Be2
Nge7 9. Nb5 Qxd2+ 10. Bxd2 O-O 11. c4 Bd7 12. O-O a6 13. Nd6 Bxd6 14. exd6 Nf5
15. Rad1 Nxd6 16. Bg5 Ne4 17. Bh4 Rfe8 18. Rfe1 Nb4 19. a3 Nc2 20. Rf1 Ba4 21.
cxd5 exd5 22. Rxd5 Rac8 23. Bd3 Nc5 24. Bf5 Rc6 25. Bxc2 Bxc2 26. Nd4 Bb3 27.
Nxc6 Bxd5 28. Ne7+ Rxe7 29. Bxe7 Nd3 30. Rd1 Be4 31. b3 Bg6 32. Bd6 f6 33. Kf1
Kf7 34. Ke2 Ke6 35. Bc7 Ne5 36. Bxe5 fxe5 37. Kd2 Be4 38. Rg1 Bc6 39. Kc3 g5
40. h3 h5 41. Kc2 g4 42. hxg4 hxg4 43. a4 Kf5 44. g3 Ke4 45. Rh1 Kf3 46. Rh2 e4
47. Kd2 Bd5 48. b4 Bc6 49. a5 Bb5 50. Ke1 Bc6 51. Rh8 e3 52. fxe3 Kxe3 53. Rf8
Bf3 54. Rf5 Ke4 55. Rc5 Kd4 56. Rc1 Be4 57. Kd2 Kd5 58. Ke3 Bf3 59. Rc5+ Kd6
60. Kd4 Kd7 61. Ke5 Kd8 62. Kd6 Ke8 63. Rf5 Kd8 64. Rf8# {Kiriks checkmated}
1-0

[Event "ICS rated blitz match"]
[Site "204.178.125.65"]
[Date "2000.06.11"]
[Round "?"]
[White "Kiriks"]
[Black "Hossa"]
[Result "0-1"]
[WhiteElo "2231"]
[BlackElo "2435"]
[PlyCount "34"]
[EventDate "2000.??.??"]

1. e4 e5 2. d4 exd4 3. Nf3 Nc6 4. Bc4 Bc5 5. c3 Nf6 6. e5 d5 7. Bb5 Ne4 8. cxd4
Bb4+ 9. Bd2 O-O 10. Nc3 Nxd2 11. Qxd2 Bg4 12. Bxc6 bxc6 13. Qf4 Qd7 14. O-O f6
15. Nd2 fxe5 16. Qxe5 Bd6 17. Qg5 Bf4 {Kiriks resigns} 0-1

[Event "ICS rated standard match"]
[Site "204.178.125.65"]
[Date "2000.06.11"]
[Round "?"]
[White "Hossa"]
[Black "tartaruga"]
[Result "1/2-1/2"]
[WhiteElo "2363"]
[BlackElo "2415"]
[PlyCount "59"]
[EventDate "2000.??.??"]

1. e4 c5 2. Nf3 e6 3. d4 cxd4 4. Nxd4 Nf6 5. Nc3 Nc6 6. Ndb5 d6 7. Bf4 e5 8.
Bg5 a6 9. Na3 b5 10. Bxf6 gxf6 11. Nd5 f5 12. exf5 Bxf5 13. Qf3 Nd4 14. Nc7+
Qxc7 15. Qxa8+ Ke7 16. c3 b4 17. cxb4 Qb6 18. Bxa6 Qxb4+ 19. Kf1 Qd2 20. h4 Bh6
21. Qxh8 Qxb2 22. Rd1 Qxa3 23. Bc4 Qc3 24. Bb3 Bf4 25. Qb8 Bd3+ 26. Kg1 Ne2+
27. Kf1 Nc1+ 28. Kg1 Ne2+ 29. Kf1 Nc1+ 30. Kg1 1/2-1/2

[Event "ICS Rated standard match"]
[Site "204.178.125.65"]
[Date "2000.06.11"]
[Round "?"]
[White "PostModernist"]
[Black "Hossa"]
[Result "1-0"]
[WhiteElo "2389"]
[BlackElo "2365"]
[PlyCount "131"]
[EventDate "2000.??.??"]

1. d4 d5 2. Nf3 Nf6 3. e3 e6 4. c4 c5 5. Nc3 Nc6 6. a3 cxd4 7. exd4 Be7 8. Bd3
dxc4 9. Bxc4 O-O 10. O-O Qc7 11. Qe2 Rd8 12. Nb5 Qb8 13. g3 Nh5 14. Rd1 Na5 15.
Ba2 Nc6 16. d5 exd5 17. Ng5 Ne5 18. h3 Nf6 19. Bf4 Bd7 20. Nc3 Bd6 21. Nxd5 Be8
22. Bb1 Nxd5 23. Bxh7+ Kh8 24. Rxd5 f6 25. Bc2 fxg5 26. Bxe5 Bxe5 27. Rxe5 Rd6
28. Rxg5 Bf7 29. Qe7 Qd8 30. Qxb7 Rc8 31. h4 Qc7 32. Qxc7 Rxc7 33. Be4 Re7 34.
f3 Rd2 35. Rc1 Kg8 36. Rc8+ Be8 37. b4 Kf8 38. Rf5+ Kg8 39. h5 Rd1+ 40. Kg2
Rd2+ 41. Kh3 Rd6 42. Ra5 Kf8 43. Bg6 Rde6 44. b5 Re3 45. b6 axb6 46. Raa8 Re1
47. Kg4 b5 48. Rxe8+ Rxe8 49. Rxe8+ Rxe8 50. Bxe8 Kxe8 51. f4 Kf8 52. Kf5 Kf7
53. Kg5 Kg8 54. Kg6 Kf8 55. f5 Ke7 56. Kxg7 Kd6 57. f6 Ke5 58. f7 Kf5 59. f8=Q+
Ke6 60. h6 Ke5 61. h7 b4 62. Qxb4 Ke6 63. h8=Q Kd5 64. Qd8+ Ke5 65. Qf6+ Kd5
66. Qbd4# {Hossa checkmated} 1-0

[Event "ICS rated blitz match"]
[Site "204.178.125.65"]
[Date "2000.06.11"]
[Round "?"]
[White "Hossa"]
[Black "Tinker"]
[Result "1/2-1/2"]
[WhiteElo "2443"]
[BlackElo "2483"]
[PlyCount "153"]
[EventDate "2000.??.??"]

1. d4 Nf6 2. c4 e6 3. Nc3 d5 4. Bg5 dxc4 5. e4 h6 6. Bxf6 Qxf6 7. Bxc4 Nd7 8.
Nf3 Qe7 9. O-O h5 10. Rc1 a6 11. Be2 h4 12. Qa4 c6 13. h3 g5 14. Qc2 g4 15.
hxg4 Bh6 16. Ra1 Bg7 17. Kh2 Bxd4 18. Nxd4 Qd6+ 19. Kh1 Qxd4 20. Rad1 Qc5 21.
Qd3 Qg5 22. f4 Qh6 23. g5 Qf8 24. e5 Kd8 25. f5 Qe7 26. g6 exf5 27. gxf7 Qxf7
28. Rxf5 Qe7 29. Qd6 Qxd6 30. exd6 h3 31. gxh3 Nb6 32. Rh5 Rxh5 33. Bxh5 Bxh3
34. Ne4 Nc4 35. Rg1 Be6 36. Rf1 Kd7 37. Nc5+ Kxd6 38. Nxe6 Nxb2 39. Ng5 Rg8 40.
Ne4+ Ke5 41. Nf6 Rh8 42. Kg2 Nd3 43. Ng4+ Kd4 44. Bg6 Rg8 45. Bxd3 Kxd3 46. Rf4
Rg5 47. Kf1 c5 48. Nf2+ Ke3 49. Re4+ Kf3 50. Re7 b5 51. Ra7 Rg6 52. Rf7+ Ke3
53. Nd1+ Kd4 54. Rd7+ Ke5 55. Ne3 Re6 56. Nd5 Rd6 57. Rxd6 Kxd6 58. Ne3 c4 59.
Ke2 Kc5 60. Nd1 Kb4 61. Ke3 Ka3 62. Nc3 b4 63. Kd4 bxc3 64. Kxc3 Kxa2 65. Kxc4
Ka3 66. Kc5 a5 67. Kc4 a4 68. Kc3 Ka2 69. Kc2 a3 70. Kc1 Kb3 71. Kb1 Kc3 72.
Ka2 Kb4 73. Kb1 Kb5 74. Kc1 Kc4 75. Kc2 a2 76. Kb2 a1=Q+ 77. Kxa1 1/2-1/2

[Event "ICS rated blitz match"]
[Site "204.178.125.65"]
[Date "2000.06.11"]
[Round "?"]
[White "Tinker"]
[Black "Hossa"]
[Result "1-0"]
[WhiteElo "2481"]
[BlackElo "2445"]
[PlyCount "83"]
[EventDate "2000.??.??"]

1. e4 e5 2. Nf3 Nc6 3. Bb5 a6 4. Bxc6 dxc6 5. d3 Bg4 6. h3 Bxf3 7. Qxf3 Nf6 8.
O-O Qd7 9. Qg3 Qe7 10. Na3 b5 11. Bd2 O-O-O 12. Nb1 Kb8 13. Be3 h6 14. Nd2 g5
15. a4 b4 16. Nc4 Nd7 17. Na5 Qf6 18. Qf3 Qg6 19. d4 Rg8 20. Qe2 c5 21. d5 Re8
22. f3 h5 23. Rad1 Qd6 24. Nc6+ Kb7 25. c3 Nb8 26. cxb4 cxb4 27. Nxb8 Rxb8 28.
Rc1 Qd7 29. Rc6 Ra8 30. Rfc1 Bd6 31. Bc5 Rgd8 32. Bxd6 Qxd6 33. Qc4 Rdc8 34. a5
Ra7 35. Rxd6 Kb8 36. Rb6+ Rb7 37. Rxb7+ Kxb7 38. Qc6+ Kb8 39. Rc4 Rh8 40. Qxc7+
Ka8 41. Rxb4 f5 42. Qb7# {Hossa checkmated} 1-0

[Event "ICS rated blitz match"]
[Site "204.178.125.65"]
[Date "2000.06.11"]
[Round "?"]
[White "Templare"]
[Black "Hossa"]
[Result "1-0"]
[WhiteElo "2811"]
[BlackElo "2431"]
[PlyCount "169"]
[EventDate "2000.??.??"]

1. d4 Nf6 2. Nf3 e6 3. c4 d5 4. Nc3 Be7 5. Bg5 Nbd7 6. e3 h6 7. Bh4 c5 8. dxc5
dxc4 9. Bxc4 Nxc5 10. Qxd8+ Bxd8 11. Rc1 O-O 12. Ke2 Nfd7 13. Bxd8 Rxd8 14.
Rhd1 b6 15. b4 Ba6 16. Nb1 b5 17. Bd5 exd5 18. bxc5 b4+ 19. Ke1 Bc4 20. c6 Nf6
21. a3 Rdc8 22. Ne5 bxa3 23. Nxa3 Bb3 24. Rd3 Rab8 25. Rb1 Ba2 26. Rxb8 Rxb8
27. Rd2 Bb1 28. c7 Rc8 29. Nxb1 Rxc7 30. Na3 a6 31. Rb2 Rc8 32. Rb6 Re8 33. Nc6
Ra8 34. Rb7 Ne4 35. Ne7+ Kf8 36. Nxd5 Rd8 37. Nb4 Nc3 38. f3 Rd1+ 39. Kf2 Rd2+
40. Kg3 Ne2+ 41. Kg4 Ng1 42. Rb8+ Ke7 43. Kg3 Ne2+ 44. Kh4 Ng1 45. Nc6+ Kf6 46.
Rd8 g5+ 47. Kg3 Ne2+ 48. Kg4 Rxd8 49. Nxd8 Kg6 50. f4 f5+ 51. Kf3 Nc3 52. h3 h5
53. fxg5 Kxg5 54. Nc4 Kg6 55. Ne6 Ne4 56. h4 Kh6 57. Nf4 a5 58. Nxa5 Nd2+ 59.
Ke2 Ne4 60. Nc6 Ng3+ 61. Kf3 Ne4 62. Nd4 Nd6 63. Ke2 Kg7 64. Nxh5+ Kg6 65. Ng3
Nc4 66. Ngxf5 Ne5 67. e4 Kf7 68. h5 Kf6 69. Nf3 Ng4 70. Ne3 Nh6 71. g4 Kf7 72.
g5 Ng8 73. Ne5+ Ke6 74. h6 Kxe5 75. h7 Ne7 76. h8=Q+ Kd6 77. Qd8+ Kc6 78. Qxe7
Kb5 79. Qe5+ Kc6 80. Qd5+ Kc7 81. Qe6 Kd8 82. Qf7 Kc8 83. g6 Kb8 84. g7 Ka8 85.
g8=R# {Hossa checkmated} 1-0

[Event "ICS rated standard match"]
[Site "204.178.125.65"]
[Date "2000.06.11"]
[Round "?"]
[White "Hossa"]
[Black "jjgm"]
[Result "1-0"]
[WhiteElo "2350"]
[BlackElo "1984"]
[PlyCount "93"]
[EventDate "2000.??.??"]

1. d4 Nf6 2. c4 e6 3. g3 d5 4. Bg2 Nbd7 5. cxd5 exd5 6. Nf3 Bd6 7. O-O O-O 8.
Nc3 c6 9. Qc2 h6 10. Nh4 Nb6 11. Nf5 Bxf5 12. Qxf5 Qd7 13. Qxd7 Nbxd7 14. f3
Rae8 15. e4 dxe4 16. fxe4 Nh7 17. Rb1 f6 18. b4 a6 19. Rb2 Nb6 20. a4 Ng5 21.
Rb1 Ne6 22. Rd1 Nc4 23. Bf1 Nb6 24. Be3 Nd7 25. Bh3 Rf7 26. Bf5 Ndf8 27. Rf1 g6
28. Bh3 Ng5 29. Bg2 Kg7 30. b5 axb5 31. axb5 cxb5 32. Rxb5 Bb8 33. Rfb1 Ree7
34. Nd5 Rd7 35. Bxg5 hxg5 36. Bh3 f5 37. exf5 gxf5 38. Ne3 g4 39. Bg2 Rxd4 40.
Nxf5+ Kg6 41. Nxd4 Rd7 42. Be4+ Kg7 43. Nf5+ Kh8 44. Rxb7 Rxb7 45. Rxb7 Be5 46.
Kg2 Bg7 47. Nxg7 {jjgm resigns} 1-0

[Event "ICS rated standard match"]
[Site "204.178.125.65"]
[Date "2000.06.11"]
[Round "?"]
[White "Lami"]
[Black "Hossa"]
[Result "0-1"]
[WhiteElo "2266"]
[BlackElo "2353"]
[PlyCount "138"]
[EventDate "2000.??.??"]

1. e4 e5 2. Nf3 Nc6 3. Bc4 Bc5 4. c3 Nf6 5. d4 exd4 6. cxd4 Bb4+ 7. Bd2 Bxd2+
8. Nbxd2 d5 9. exd5 Nxd5 10. O-O O-O 11. Re1 Nb6 12. Bb3 Nxd4 13. Nxd4 Qxd4 14.
Qc2 Qf4 15. Re4 Qd6 16. Rh4 g6 17. Ne4 Qd8 18. Qc3 Qxh4 19. Nf6+ Kh8 20. Nd7+
f6 21. Nxf8 Bh3 22. Nxg6+ hxg6 23. gxh3 c6 24. Qg3 Qh5 25. Qg4 Nd5 26. Qxh5+
gxh5 27. Bxd5 cxd5 28. Rd1 Rd8 29. Kf1 Kg7 30. Ke2 Rd7 31. Kd3 Kg6 32. Kd4 Rc7
33. Rd2 Kf5 34. Re2 Rd7 35. b3 b6 36. Re3 Rd8 37. Re7 a5 38. a4 Rd6 39. Re8 Kg5
40. Re3 Kg6 41. Rf3 h4 42. Rf4 Kh5 43. Rf5+ Kg6 44. Rxd5 Re6 45. Kd3 f5 46. f4
Kf6 47. Rd8 Kg7 48. Rb8 Rc6 49. Kd4 Re6 50. Kd5 Re2 51. Rxb6 Rxh2 52. Ke5 Rxh3
53. Kxf5 Rg3 54. Rb7+ Kh6 55. Rb8 h3 56. Rh8+ Kg7 57. Rh4 Rxb3 58. Kg5 Rg3+ 59.
Kf5 Ra3 60. Kg5 Kg8 61. f5 Kg7 62. Rc4 Rg3+ 63. Kf4 h2 64. Rc7+ Kh6 65. Rc6+
Kh7 66. Rc7+ Rg7 67. Rc1 Rg1 68. Rc7+ Kg8 69. Rc8+ Kf7 {Lami resigns} 0-1

[Event "ICS rated standard match"]
[Site "204.178.125.65"]
[Date "2000.06.11"]
[Round "?"]
[White "Hossa"]
[Black "bawon"]
[Result "0-1"]
[WhiteElo "2356"]
[BlackElo "2227"]
[PlyCount "130"]
[EventDate "2000.??.??"]

1. d4 Nf6 2. c4 g6 3. Nc3 Bg7 4. e4 O-O 5. Be2 d6 6. Nf3 e5 7. O-O Nc6 8. dxe5
dxe5 9. Qxd8 Rxd8 10. Bg5 Re8 11. Rad1 Bg4 12. Bxf6 Bxf6 13. Nd5 Bd8 14. c5
Bxf3 15. Bxf3 Nd4 16. Ne3 c6 17. Nc4 Be7 18. Nxe5 Bxc5 19. Nd7 Nxf3+ 20. gxf3
Be7 21. Rd4 f6 22. Rfd1 Red8 23. Kg2 Kf7 24. f4 Rac8 25. e5 f5 26. Kg3 b6 27.
h4 Ke6 28. R4d2 h5 29. Kh3 c5 30. Kg3 c4 31. Rd5 c3 32. bxc3 Rxc3+ 33. f3 Rc7
34. Nxb6 Rxd5 35. Nxd5 Rd7 36. Nc3 Rxd1 37. Nxd1 Kd5 38. Kh3 Kd4 39. Nf2 Ba3
40. Kg3 Kc3 41. Nh3 Kb2 42. Ng5 Kxa2 43. Nf7 a5 44. Kf2 a4 45. Nd8 Bc5+ 46. Ke2
a3 47. Ne6 Bb6 48. Nf8 Kb1 49. e6 Bd8 50. Nxg6 a2 51. e7 Bxe7 52. Nxe7 a1=Q 53.
Nxf5 Qf6 54. Ne3 Qxf4 55. Ng2 Qg3 56. Kf1 Qxf3+ 57. Kg1 Kc1 58. Ne1 Qg3+ 59.
Ng2 Kd1 60. Kf1 Qf3+ 61. Kg1 Ke2 62. Nf4+ Qxf4 63. Kh1 Qg4 64. Kh2 Kf2 65. Kh1
Qxh4# {Hossa checkmated} 0-1

[Event "ICS rated standard match"]
[Site "204.178.125.65"]
[Date "2000.06.12"]
[Round "?"]
[White "zaza"]
[Black "Hossa"]
[Result "0-1"]
[WhiteElo "2076"]
[BlackElo "2334"]
[PlyCount "94"]
[EventDate "2000.??.??"]

1. e4 e5 2. Nf3 Nc6 3. Nc3 g6 4. d4 exd4 5. Nxd4 Nf6 6. Bg5 h6 7. Bh4 Be7 8.
Nxc6 bxc6 9. Bd3 O-O 10. O-O d6 11. Re1 Be6 12. Qd2 Rb8 13. b3 g5 14. Bxg5 Re8
15. Bxh6 Ng4 16. Bf4 Bh4 17. Bg3 Bxg3 18. fxg3 Qf6 19. Rf1 Qd4+ 20. Kh1 Qe3 21.
Qxe3 Nxe3 22. Rf3 Ng4 23. Raf1 Ne5 24. R3f2 Kg7 25. h3 Rh8 26. Ne2 Ng4 27. Rf4
Ne5 28. Nd4 Rbe8 29. Nxe6+ Rxe6 30. a4 Rg8 31. Kg1 a5 32. g4 Rb8 33. Be2 Re7
34. h4 Ng6 35. Bd3 Nxf4 36. Rxf4 Rh8 37. h5 c5 38. Be2 Rhe8 39. Bf3 Re6 40. g5
Rh8 41. g4 Rg8 42. Rf5 Re7 43. Kh2 c6 44. Kh3 Kh7 45. Kh4 Kg7 46. Rf6 Rd8 47.
g6 Kxf6 {zaza resigns} 0-1

[Event "ICS Rated standard match"]
[Site "204.178.125.65"]
[Date "2000.06.12"]
[Round "?"]
[White "Hossa"]
[Black "Sisak"]
[Result "1-0"]
[WhiteElo "2336"]
[BlackElo "2100"]
[PlyCount "32"]
[EventDate "2000.??.??"]

1. e4 d6 2. d4 Nf6 3. Nc3 g6 4. g3 Bg7 5. Nge2 Bg4 6. Bg2 Bxe2 7. Qxe2 O-O 8.
e5 dxe5 9. dxe5 Ne8 10. Bxb7 Nd7 11. Bxa8 Qxa8 12. Qe4 Qb8 13. f4 Nc5 14. Qc6
Ne6 15. Nd5 Qd8 16. Be3 g5 {Sisak resigns} 1-0

[Event "ICS rated blitz match"]
[Site "204.178.125.65"]
[Date "2000.06.12"]
[Round "?"]
[White "Hossa"]
[Black "MrPeabody"]
[Result "0-1"]
[WhiteElo "2428"]
[BlackElo "2624"]
[PlyCount "162"]
[EventDate "2000.??.??"]

1. e4 d5 2. exd5 Qxd5 3. Nc3 Qa5 4. Bc4 Nf6 5. d3 c6 6. Bd2 Qc7 7. Nf3 Bg4 8.
h3 Bh5 9. g4 Bg6 10. g5 Nfd7 11. Nh4 b5 12. Bb3 Nc5 13. Nxg6 hxg6 14. Ne4 Nxb3
15. axb3 e6 16. Qe2 Nd7 17. Ba5 Qf4 18. d4 Be7 19. Bd2 Qf5 20. h4 a5 21. c4 a4
22. Rc1 bxc4 23. bxc4 e5 24. dxe5 O-O 25. f4 Rfb8 26. Ng3 Qe6 27. h5 Rxb2 28.
hxg6 fxg6 29. Qh2 Rd8 30. Qh7+ Kf7 31. Bc3 Bb4 32. Bxb4 Rxb4 33. Ne4 Nf8 34.
Qh3 Qxh3 35. Rxh3 Ne6 36. Nd6+ Kg8 37. Rh4 Rf8 38. Ra1 Rxf4 39. Rxf4 Nxf4 40.
Kd2 Ne6 41. Rg1 Rb2+ 42. Ke3 a3 43. Ne4 Rb3+ 44. Kd2 Kf7 45. Ra1 Ke7 46. c5 Nd4
47. Nc3 Ke6 48. Rc1 Nf3+ 49. Kd3 Nxe5+ 50. Kd2 Kf5 51. Ra1 Kxg5 52. Ra2 Rb4 53.
Kc1 Nc4 54. Rg2+ Kf5 55. Rf2+ Ke5 56. Rg2 Rb2 57. Rg4 Nd2 58. Rxg6 Nb3+ 59. Kd1
Rd2+ 60. Ke1 Rc2 61. Rg5+ Kf4 62. Rxg7 Rxc3 63. Rf7+ Ke3 64. Re7+ Kd4 65. Ra7
Rc1+ 66. Ke2 Rc2+ 67. Kf3 a2 68. Kf4 a1=Q 69. Rxa1 Rf2+ 70. Kg4 Nxa1 71. Kh4
Rf4+ 72. Kg5 Nb3 73. Kg6 Nxc5 74. Kh6 Ne4 75. Kh5 c5 76. Kg6 c4 77. Kh5 c3 78.
Kg6 c2 79. Kg7 c1=Q 80. Kh7 Rg4 81. Kh8 Qh1# {Hossa checkmated} 0-1

[Event "ICS rated standard match"]
[Site "204.178.125.65"]
[Date "2000.06.12"]
[Round "?"]
[White "Hossa"]
[Black "Blacchrist"]
[Result "1-0"]
[WhiteElo "2336"]
[BlackElo "1961"]
[PlyCount "34"]
[EventDate "2000.??.??"]

1. e4 e5 2. Nf3 Nc6 3. Bb5 a6 4. Bxc6 dxc6 5. d3 Bd6 6. Nc3 Nf6 7. O-O Qe7 8.
a3 Bg4 9. Bg5 h6 10. Be3 g5 11. Qe2 O-O-O 12. Rad1 c5 13. Ra1 Nh5 14. Nd5 Qd7
15. b4 Nf4 16. Bxf4 exf4 17. Nf6 Qf5 {Blacchrist resigns} 1-0

[Event "ICS rated blitz match"]
[Site "204.178.125.65"]
[Date "2000.06.12"]
[Round "?"]
[White "star"]
[Black "Hossa"]
[Result "1-0"]
[WhiteElo "2853"]
[BlackElo "2420"]
[PlyCount "77"]
[EventDate "2000.??.??"]

1. e4 e5 2. Nf3 Nc6 3. Bc4 Bc5 4. c3 Qe7 5. d4 exd4 6. O-O dxc3 7. Nxc3 d6 8.
Nd5 Qd8 9. b4 Bb6 10. Bb2 Nf6 11. Ng5 O-O 12. Nxf6+ gxf6 13. Nxh7 Ne5 14. Qh5
Kg7 15. Bc1 Kg8 16. Qh6 Ng4 17. Qg6+ Kh8 18. Qh5 Kg8 19. Bh6 d5 20. Bxd5 Ne5
21. Bxf8 Qxf8 22. Nxf6+ Kg7 23. Qxe5 Bd4 24. Qg5+ Kh8 25. Qh5+ Kg7 26. e5 Bxe5
27. Qxe5 Kh8 28. Ne8+ Kg8 29. Qg5+ Kh8 30. Qh5+ Kg8 31. Qg6+ Kh8 32. Bxf7 Bg4
33. Qf6+ Kh7 34. Rae1 a5 35. Re6 Bh5 36. Qf5+ Bg6 37. Qxg6+ Kh8 38. Qh5+ Qh6
39. Rxh6# {Hossa checkmated} 1-0

[Event "ICS rated standard match"]
[Site "204.178.125.65"]
[Date "2000.06.12"]
[Round "?"]
[White "bawon"]
[Black "Hossa"]
[Result "0-1"]
[WhiteElo "2297"]
[BlackElo "2339"]
[PlyCount "34"]
[EventDate "2000.??.??"]

1. e4 c5 2. Nc3 Nc6 3. f4 e6 4. Nf3 a6 5. d4 cxd4 6. Nxd4 Qc7 7. Be3 b5 8. Be2
Nxd4 9. Qxd4 Bb7 10. Bf3 Be7 11. O-O d6 12. Qxg7 Bf6 13. Qg3 Bxc3 14. bxc3 Ne7
15. Qg7 Rg8 16. Qxh7 Qxc3 17. Bf2 Rh8 {bawon resigns} 0-1

[Event "ICS rated blitz match"]
[Site "204.178.125.65"]
[Date "2000.06.12"]
[Round "?"]
[White "Hossa"]
[Black "MissSilicon"]
[Result "0-1"]
[WhiteElo "2418"]
[BlackElo "2594"]
[PlyCount "66"]
[EventDate "2000.??.??"]

1. e4 e6 2. Nf3 Nf6 3. e5 Nd5 4. c4 Ne7 5. Nc3 b6 6. d4 Bb7 7. Bd2 d6 8. exd6
cxd6 9. Bd3 d5 10. b3 dxc4 11. bxc4 Nbc6 12. Be4 f5 13. Bxc6+ Bxc6 14. O-O Rc8
15. Ne5 Qxd4 16. Re1 a6 17. a4 Ng6 18. Nxg6 hxg6 19. Rxe6+ Kf7 20. Re3 Rd8 21.
Qb3 Bc5 22. Ra2 Qh4 23. h3 f4 24. a5 Rxd2 25. Rxd2 fxe3 26. Nd1 exd2 27. axb6
Qg5 28. g3 Rxh3 29. Kf1 Qg4 30. f3 Qxf3+ 31. Qxf3+ Bxf3 32. Ne3 Bxe3 33. b7
d1=Q# {Hossa checkmated} 0-1

[Event "ICS rated standard match"]
[Site "204.178.125.65"]
[Date "2000.06.12"]
[Round "?"]
[White "Zacharie7"]
[Black "Hossa"]
[Result "1-0"]
[WhiteElo "2097"]
[BlackElo "2353"]
[PlyCount "131"]
[EventDate "2000.??.??"]

1. Nf3 Nf6 2. c4 e6 3. Nc3 c5 4. e4 Nc6 5. Be2 Be7 6. O-O O-O 7. d4 cxd4 8.
Nxd4 Nxd4 9. Qxd4 d6 10. Rd1 Bd7 11. b4 Qc7 12. Bb2 a5 13. b5 Rad8 14. b6 Qc8
15. Bd3 Bc6 16. Bc2 Rfe8 17. Rac1 Qb8 18. a3 Rd7 19. Qd3 Bd8 20. Qg3 Bxb6 21.
Na4 Bd8 22. Nc5 e5 23. Nxd7 Nxd7 24. Rb1 Nc5 25. Qf3 f5 26. Qxf5 Rf8 27. Qh3
Bxe4 28. Bxe4 Nxe4 29. Bd4 Rf7 30. Qd3 exd4 31. Qxe4 Bf6 32. Rd2 Be5 33. Qd5
Qc8 34. Rdb2 Qc5 35. Rxb7 Qxd5 36. cxd5 Rxb7 37. Rxb7 d3 38. Kf1 d2 39. Ke2
Bxh2 40. Kxd2 Bf4+ 41. Kd3 Bc1 42. a4 Ba3 43. Rb5 Kf7 44. Rxa5 Bb4 45. Rb5 Be1
46. Ke3 Kf6 47. a5 Bxa5 48. Rxa5 h5 49. Ke4 g5 50. Ra6 Ke7 51. Kf5 g4 52. g3
Kd7 53. Kg5 Ke7 54. Kxh5 Kd7 55. Kxg4 Ke7 56. Kf5 Kd7 57. Kf6 Kc7 58. Ke6 Kb7
59. Rxd6 Kc7 60. Rc6+ Kb8 61. Kd7 Kb7 62. f4 Kb8 63. Rb6+ Ka8 64. Kc7 Ka7 65.
d6 Ka8 66. Ra6# {Hossa checkmated} 1-0

[Event "ICS rated standard match"]
[Site "204.178.125.65"]
[Date "2000.06.12"]
[Round "?"]
[White "Hossa"]
[Black "Yousef"]
[Result "1-0"]
[WhiteElo "2334"]
[BlackElo "2305"]
[PlyCount "30"]
[EventDate "2000.??.??"]

1. Nf3 Nc6 2. e4 e5 3. Bb5 a6 4. Bxc6 bxc6 5. O-O d6 6. d4 exd4 7. Nxd4 c5 8.
Nf3 Be7 9. Nc3 Nf6 10. e5 Nd7 11. exd6 cxd6 12. Nd5 O-O 13. Bf4 Re8 14. Nxe7+
Qxe7 15. Bxd6 Qf6 {Yousef resigns} 1-0

[Event "ICS rated standard match"]
[Site "204.178.125.65"]
[Date "2000.06.12"]
[Round "?"]
[White "voice"]
[Black "Hossa"]
[Result "0-1"]
[WhiteElo "2200"]
[BlackElo "2349"]
[PlyCount "22"]
[EventDate "2000.??.??"]

1. e4 e6 2. d4 d5 3. e5 c5 4. c3 Nc6 5. Nf3 Qb6 6. Bd3 cxd4 7. cxd4 Bd7 8. O-O
Nxd4 9. Nxd4 Qxd4 10. Qe2 Ne7 11. Nc3 Ng6 {voice resigns} 0-1

[Event "ICS rated standard match"]
[Site "204.178.125.65"]
[Date "2000.06.12"]
[Round "?"]
[White "Hossa"]
[Black "Trap"]
[Result "1-0"]
[WhiteElo "2349"]
[BlackElo "2069"]
[PlyCount "93"]
[EventDate "2000.??.??"]

1. Nf3 d5 2. b3 c5 3. Bb2 Nc6 4. e3 Bg4 5. Bb5 Nf6 6. Bxf6 exf6 7. Nc3 Be7 8.
Bxc6+ bxc6 9. O-O O-O 10. h3 Bh5 11. g4 Bg6 12. Nh4 Qc7 13. Qe2 Bd6 14. f4 h6
15. Nxg6 fxg6 16. e4 Bxf4 17. exd5 Be5 18. Qg2 Rfd8 19. dxc6 Rac8 20. Rae1 Qxc6
21. Qxc6 Rxc6 22. Ne4 h5 23. Kg2 c4 24. c3 hxg4 25. hxg4 Rd3 26. Re2 Kf7 27.
bxc4 Rxc4 28. Rf3 Rxf3 29. Kxf3 Bc7 30. d3 Ra4 31. c4 Ra3 32. Nc5 f5 33. Nb3 a5
34. Rd2 a4 35. Nd4 Ba5 36. Nb5 Bxd2 37. Nxa3 Kf6 38. d4 Bc1 39. Nb5 Kg5 40. c5
fxg4+ 41. Kf2 Kf6 42. c6 Ke7 43. Kg3 Kd8 44. d5 Be3 45. d6 Bb6 46. Kxg4 Bc5 47.
Kg5 {Trap resigns} 1-0